System Inteligentného domu na platforme zipato s konkrétnymi riešeniami bakalárska práca

Salvato in:
Dettagli Bibliografici
Autore principale: Botík, Marek
Ente Autore: Fakulta hospodárskej informatiky EU. Katedra aplikovanej informatiky
Altri autori: Sojka, Pavol, 1978-
Natura: Libro
Lingua:slovacco
Pubblicazione: Bratislava 2020
Tags: Aggiungi Tag
Nessun Tag, puoi essere il primo ad aggiungerne!!

MARC

LEADER 00000nbm a2200000 4500
001 0268097
005 20211020094801.7
041 0 |a slo 
044 |a SK 
245 1 0 |a System Inteligentného domu na platforme zipato s konkrétnymi riešeniami  |b bakalárska práca  |c Marek Botík ; školiteľ: Pavol Sojka 
264 1 |a Bratislava  |c 2020 
300 |a 51 s. 
100 1 |a Botík, Marek 
700 1 |a Sojka, Pavol, 1978- 
710 2 |a Fakulta hospodárskej informatiky EU. Katedra aplikovanej informatiky